000 00284nam a22001217a 4500
008 181107b xxu||||| |||| 00| 0 eng d
041 _aeng
080 _23rd
_a038
100 _a23
101 _aFJA
245 _aThe american heritage college dictionary
_cJost, D.A
942 _2udc
_cBK
999 _c52210
_d52210